00836nam a22002537a 450000500170000001000130001702000230003003500130005303700160006604000120008208200130009410000260010724500720013324600060020526000510021127000460026230000240030850000230033265000210035565000360037694200220041299900190043495201290045320170124110230.0 aB-021781 c175.00a8185989494 aB-021781 bCen Lib/Ret aDPLbEN a000bMAT aMathur, Kunal 941200 aSelf study course for archetecture entrace test /cby Kunal Mathur  b  bGalgotia Publishing Company aNew Delhi c2000 bNew Delhi a6A/4, WEA karol bag e110005 ax, 308p.c21cm(pbk) aIncludes appendix  aGeneralia 93517 aGeneral knowledge books 941201 2ddccENh000mMAT c134602d134602 001040718REFaLbLd2015-07-30eCen Lib/Retg175.00l0o000 MATpB-021781r2015-07-30 00:00:00t1v175.00w2015-07-30yEN